|
|
|
|
| LEADER |
01552nam a2200373 a 4500 |
| 001 |
29174 |
| 003 |
BD-DhAAL |
| 005 |
20150609182855.0 |
| 008 |
150509s2011 bg w 000 0 mul d |
| 040 |
|
|
|a BD-DhAAL
|c BD-DhAAL
|
| 082 |
0 |
0 |
|a 348.5492/046
|2 22
|
| 999 |
|
|
|c 34670
|d 34670
|
| 999 |
|
|
|c 0
|
| 999 |
|
|
|c 14207
|
| 999 |
|
|
|c 0
|
| 999 |
|
|
|c 12952
|
| 999 |
|
|
|c 12952
|
| 999 |
|
|
|c 12952
|
| 130 |
0 |
|
|a Bangladesh Legal Decisions
|9 4020
|
| 245 |
0 |
0 |
|a Bangladesh legal decisions,
|n volume no. 33/
|c editor Sheikh Muhammed Serajul Islam.
|
| 246 |
1 |
7 |
|a Bangladesh Legal Decisions.
|
| 246 |
0 |
|
|a BLD
|
| 260 |
|
|
|a Dhaka :
|b Bangladesh Bar Council,
|c 2013
|
| 300 |
|
|
|a Various pagings, :
|c 24 cm.
|
| 362 |
0 |
|
|a volume xxxiii.
|
| 541 |
|
|
|e 29174
|
| 590 |
|
|
|a Published yearly.
|
| 650 |
|
0 |
|a Law reports, digests, etc.
|z Bangladesh.
|9 5827
|
| 700 |
1 |
|
|a Serajul Islam Sheikh Muhammed
|9 4022
|
| 852 |
4 |
|
|a Ayesha Abed Library
|j General shelf
|
| 942 |
|
|
|2 ddc
|c 1HOUR
|
| 952 |
|
|
|0 0
|1 0
|2 ddc
|4 0
|6 348_549204600000000_BAN
|7 0
|8 REF
|9 54196
|a BRACUL
|b BRACUL
|c REF
|d 2015-06-09
|e Anupam Gyan Bhander
|g 742.00
|l 0
|o 348.5492046 BAN
|p 3010029174
|r 2015-06-09
|t 1
|w 2015-06-09
|y 1HOUR
|
| 952 |
|
|
|0 0
|1 0
|2 ddc
|4 0
|6 348_549204600000000_BAN
|7 0
|8 REF
|9 55341
|a BRACUL
|b BRACUL
|c REF
|d 2015-08-18
|e Karim International
|g 1050.00
|l 0
|o 348.5492046 BAN
|p 3010029740
|r 2015-08-18
|t 2
|w 2015-08-18
|y 1HOUR
|
| 952 |
|
|
|0 0
|1 0
|2 ddc
|4 0
|6 348_549204600000000_BAN
|7 0
|8 REF
|9 55342
|a BRACUL
|b BRACUL
|c REF
|d 2015-08-18
|e Karim International
|g 1050.00
|l 0
|o 348.5492046 BAN
|p 3010029741
|r 2015-08-18
|t 3
|w 2015-08-18
|y 1HOUR
|